[Event "Indywidualne Mistrzostwa Polski Juniorow do lat 16 - Dziewczeta"]
[Site "Szklarska Poreba"]
[Date "1899-12-30"]
[Round "1.1"]
[White "Kroliczek, Gabriela"]
[Black "Malicka, Maria"]
[Result "0-1"]
[WhiteTitle "I++"]
[BlackTitle "WCM"]
[WhiteElo "1588"]
[BlackElo "2199"]

1. e4 e5 2. Nf3 Nc6 3. Bc4 Bc5 4. c3 Nf6 5. d4 exd4 6. cxd4 Bb4+ 7. Bd2 Bxd2+ 8.
Nbxd2 d5 9. exd5 Nxd5 10. Qb3 Nce7 11. O-O O-O 12. Rfe1 c6 13. Ne4 Nb6 14. Bd3
Bf5 15. Nc5 Bxd3 16. Qxd3 Qc7 17. Ng5 Ng6 18. h4 Rfe8 19. h5 Nf8 20. h6 gxh6 21.
Nge4 Nd5 22. Qh3 b6 23. Nd3 Re6 24. Ne5 Rae8 25. f3 Ng6 26. Ng4 Qf4 27. Nxh6+
Kh8 28. Nf5 Nf6 29. Nfg3 Nxe4 30. fxe4 Qd2 31. Rad1 Qxb2 32. Re2 Qc3 33. Qg4 Rg8
34. Nf5 Ne7 35. Qh5 Nxf5 36. exf5 Rxe2 37. Qxe2 Qg3 38. Qe5+ Qg7 39. Qe4 Qf6 40.
Qe5 Qg7 41. Rc1 c5 42. Qxg7+ Kxg7 43. dxc5 Rc8 44. c6 Kf6 45. Rc3 Kxf5 46. Rf3+
Ke6 47. Re3+ Kd6 48. Rf3 Kxc6 49. Rf6+ Kb7 50. Rxf7+ Rc7 51. Rf3 Ka6 52. a3 b5
53. Kf2 Ka5 54. Rb3 a6 55. g4 Ka4 56. Rd3 a5 57. Ke2 Rc2+ 58. Kd1 Rg2 59. Rh3
Rxg4 60. Rxh7 Kxa3 61. Rh3+ Kb4 62. Kc2 a4 63. Kb2 a3+ 64. Ka2 Rg2+ 65. Ka1 Ka4
66. Rh8 b4 67. Rh7 Rg1+ 68. Ka2 b3# 0-1

[Event "Indywidualne Mistrzostwa Polski Juniorow do lat 16 - Dziewczeta"]
[Site "Szklarska Poreba"]
[Date "1899-12-30"]
[Round "1.2"]
[White "Jarocka, Liwia"]
[Black "Mytnik, Kinga"]
[Result "1-0"]
[WhiteTitle "FM"]
[BlackTitle "I"]
[WhiteElo "2106"]
[BlackElo "1570"]

1. e4 d6 2. d4 Nf6 3. Nc3 Nbd7 4. Nf3 e5 5. Bc4 Be7 6. O-O c6 7. a4 a5 8. h3 Qc7
9. Re1 O-O 10. Be3 h6 11. Bb3 Re8 12. Qe2 Bf8 13. d5 Nb6 14. Nd2 Bd7 15. Nc4 Nxc4
16. Qxc4 c5 17. Qe2 Qb6 18. Rab1 Rac8 19. Bc4 Nh7 20. Bb5 Qd8 21. Rf1 Be7 22.
f4 Bf6 23. f5 Bxb5 24. Nxb5 Ng5 25. Qg4 Kf8 26. h4 Nh7 27. g3 Be7 28. Qf3 Qd7
29. Kg2 Bf6 30. Rh1 Ke7 31. g4 Kd8 32. Qg3 Be7 33. g5 h5 34. c3 Ra8 35. Rhf1 Kc8
36. Qf3 Rf8 37. Qxh5 Rh8 38. Qxf7 Bf8 39. Qe6 Be7 40. Qxd7+ Kxd7 41. Rh1 Nf8 42.
b3 b6 43. Rbf1 Nh7 44. Kf3 Raf8 45. Ke2 Rc8 46. Na3 Rcf8 47. f6 gxf6 48. g6 f5
49. g7 f4 50. gxh8=Q Rxh8 51. Bf2 Nf6 52. Kf3 Kd8 1-0

[Event "Indywidualne Mistrzostwa Polski Juniorow do lat 16 - Dziewczeta"]
[Site "Szklarska Poreba"]
[Date "1899-12-30"]
[Round "1.3"]
[White "Pisarek, Elzbieta"]
[Black "Dylag, Emilia"]
[Result "0-1"]
[WhiteTitle "I"]
[BlackTitle "k+"]
[WhiteElo "1567"]
[BlackElo "2071"]

1. e4 c5 2. Nf3 d6 3. d4 cxd4 4. Nxd4 Nf6 5. Nc3 a6 6. Be2 e5 7. Nf3 Be7 8. Bg5
Nbd7 9. O-O O-O 10. Bxf6 Nxf6 11. Qd3 h6 12. Nd5 Nxd5 13. Qxd5 Qb6 14. b3 Be6
15. Qd3 Rac8 16. c4 Kh8 17. Nd2 f5 18. Bf3 fxe4 19. Bxe4 Rf4 20. Rae1 Rcf8 21.
Re3 Bg4 22. h3 Bh5 23. Nb1 Bg5 24. Bf3 Rd4 25. Qe2 Bxe3 26. fxe3 Rdf4 27. Nc3
R4f7 28. Ne4 Qd8 29. Kh2 Bxf3 30. Rxf3 Rxf3 31. gxf3 d5 32. cxd5 Qxd5 33. Kg2
Rc8 34. Kg3 Rc6 35. Kf2 Qe6 36. Kg2 Rc1 37. Kh2 Qc6 38. Qd3 Qg6 39. Qd8+ Kh7 40.
Ng3 Qc2+ 0-1

[Event "Indywidualne Mistrzostwa Polski Juniorow do lat 16 - Dziewczeta"]
[Site "Szklarska Poreba"]
[Date "1899-12-30"]
[Round "1.4"]
[White "Vanduyfhuys, Daria"]
[Black "Wojtas, Julia"]
[Result "1-0"]
[WhiteTitle "WCM"]
[BlackTitle "I"]
[WhiteElo "2059"]
[BlackElo "1550"]

1. d4 Nf6 2. c4 g6 3. Nc3 Bg7 4. Nf3 O-O 5. e4 d6 6. Be2 e5 7. O-O Nc6 8. d5 Ne7
9. Bd2 Ne8 10. Rc1 h6 11. Ne1 f5 12. f3 f4 13. Nd3 g5 14. c5 Rf7 15. Kh1 Ng6 16.
Nb5 a6 17. Na3 Bf8 18. Nc4 h5 19. cxd6 Bxd6 20. Rg1 Nf6 21. g3 Rg7 22. Ba5 fxg3
23. Rxg3 b6 24. Bd2 Nh7 25. Be3 Nf4 26. Ndxe5 Bxe5 27. Nxe5 Qf6 28. Bd4 Qf8 29.
Nd3 Nxe2 30. Qxe2 Nf6 31. Rc6 Rg6 32. Nf4 Rh6 33. Rxg5+ Kh7 34. Rxc7+ 1-0

[Event "Indywidualne Mistrzostwa Polski Juniorow do lat 16 - Dziewczeta"]
[Site "Szklarska Poreba"]
[Date "1899-12-30"]
[Round "1.5"]
[White "Sloniewska, Alicja"]
[Black "Waszczuk, Patrycja"]
[Result "0-1"]
[WhiteTitle "I"]
[BlackTitle "k++"]
[WhiteElo "1530"]
[BlackElo "2034"]

1. d4 Nf6 2. c4 g6 3. Nc3 d5 4. Bf4 c6 5. e3 Bg7 6. Nf3 O-O 7. Bd3 Nbd7 8. cxd5
cxd5 9. O-O a6 10. Rc1 Nb8 11. Na4 Nc6 12. a3 Nh5 13. Bg5 h6 14. Bh4 Qd6 15. Be2
g5 16. Nd2 gxh4 17. Bxh5 Bf5 18. Bg4 Bg6 19. Nb6 Rad8 20. Na4 e5 21. Nc5 Qe7 22.
Ndb3 a5 23. Qd2 Rd6 24. Rfe1 f5 25. dxe5 Nxe5 26. Be2 h3 27. g3 b6 28. Na4 Nc4
29. Bxc4 dxc4 30. Nd4 f4 31. Qe2 fxe3 32. fxe3 Rxd4 33. Nxb6 Bd3 34. Qd2 Rd6 35.
Na4 Qb7 0-1

[Event "Indywidualne Mistrzostwa Polski Juniorow do lat 16 - Dziewczeta"]
[Site "Szklarska Poreba"]
[Date "1899-12-30"]
[Round "1.6"]
[White "Czarniecka, Aleksandra"]
[Black "Siekanska, Zuzanna"]
[Result "1-0"]
[WhiteTitle "k"]
[BlackTitle "I"]
[WhiteElo "2023"]
[BlackElo "1517"]

1. e4 c5 2. Nf3 e6 3. d4 cxd4 4. Nxd4 Nf6 5. Nc3 d6 6. f4 Be7 7. Be2 O-O 8. O-O
Nc6 9. Be3 e5 10. Nb3 exf4 11. Bxf4 Be6 12. Qe1 d5 13. e5 Nd7 14. Bd3 a6 15. Nd2
Bg5 16. g3 Be7 17. h4 Bh3 18. Nxd5 Bxf1 19. Kxf1 Nc5 20. Nxe7+ Qxe7 21. Nf3 Nxd3
22. cxd3 Qd7 23. Qe4 h6 24. d4 Rad8 25. Rd1 Nb4 26. Kg2 Nd5 27. Bc1 Qa4 28. Re1
Rfe8 29. Qf5 Re6 30. Rf1 Ne7 31. Qf4 Qc2+ 32. Rf2 Qg6 33. g4 Nd5 34. Qg3 Qe4 35.
Kh2 Rc8 36. Bd2 Rc2 37. h5 Ne7 38. Qh3 Rb6 39. b4 Rxb4 40. Qh4 1-0

[Event "Indywidualne Mistrzostwa Polski Juniorow do lat 16 - Dziewczeta"]
[Site "Szklarska Poreba"]
[Date "1899-12-30"]
[Round "1.7"]
[White "Kudlak, Julia"]
[Black "Harazinska, Magdalena"]
[Result "0-1"]
[WhiteTitle "I"]
[BlackTitle "WFM"]
[WhiteElo "1515"]
[BlackElo "2011"]

1. e4 c5 2. Nf3 e6 3. c3 d5 4. exd5 Qxd5 5. d4 Nf6 6. Be2 cxd4 7. cxd4 Bb4+ 8.
Bd2 Bxd2+ 9. Nbxd2 O-O 10. O-O Nc6 11. Bc4 Qd6 12. Nb3 b6 13. Re1 Bb7 14. Qe2
Nb4 15. Ne5 Nbd5 16. Qf3 Rac8 17. Rac1 Rc7 18. Qg3 Rfc8 19. Qg5 h6 20. Qd2 Nh5
21. Bxd5 Bxd5 22. Rc3 Nf6 23. f3 Bxb3 24. Rxb3 Nd5 25. a3 Rc2 26. Qd1 Nf4 27.
Rc3 R8xc3 28. bxc3 Rxg2+ 29. Kh1 Qxa3 30. Nd3 Qa2 31. Nxf4 Rxh2+ 32. Kg1 Qf2#
0-1

[Event "Indywidualne Mistrzostwa Polski Juniorow do lat 16 - Dziewczeta"]
[Site "Szklarska Poreba"]
[Date "1899-12-30"]
[Round "1.8"]
[White "Marcinczyk, Monika"]
[Black "Tomczak, Marta"]
[Result "1-0"]
[WhiteTitle "WCM"]
[BlackTitle "I"]
[WhiteElo "1928"]
[BlackElo "1510"]

1. e4 c5 2. Nf3 Nc6 3. Nc3 d6 4. d4 cxd4 5. Nxd4 Nf6 6. Be2 e5 7. Nf3 Be7 8. O-O
h6 9. Re1 O-O 10. h3 a6 11. Bf1 Qc7 12. b3 Nd4 13. Bb2 Nxf3+ 14. Qxf3 Be6 15.
a4 Rac8 16. Rad1 Rfd8 17. Rd2 Rd7 18. Red1 Qc6 19. Be2 Rcd8 20. Nd5 Bxd5 21. exd5
Qc5 22. Qd3 Rc7 23. Re1 Bf8 24. Bg4 Qb4 25. Bf5 Rc5 26. Be4 Rdc8 27. Ree2 Kh8
28. Re3 Be7 29. h4 Nh5 30. g3 Rg8 31. Bh7 Rf8 32. Re4 Qb6 33. Ba3 Rcc8 34. Bf5
Rcd8 35. Rb4 Qa7 36. Qf3 g6 37. Bg4 Ng7 38. Qe3 Qxe3 39. fxe3 f5 40. Be2 Rd7 41.
Bb2 Ne8 42. Rc4 Nf6 43. Bf3 Kh7 44. Kf2 g5 45. hxg5 hxg5 46. Ke1 g4 47. Rh2+ Kg6
48. Bg2 Nh5 49. Kf2 f4 50. exf4 exf4 51. Be4+ Kh6 52. Bc1 Bg5 53. gxf4 g3+ 54.
Kg2 gxh2 55. fxg5+ Kg7 56. Bb2+ Kg8 57. Kxh2 Rdf7 58. Rc3 Rf2+ 59. Kh3 Nf4+ 60.
Kg4 Ne2 61. Re3 R8f4+ 62. Kh5 Ng3+ 63. Rxg3 Rxe4 64. Rc3 Rf5 65. Kg6 Rfe5 66.
Rh3 Kf8 67. Bxe5 Rxe5 68. Rh8+ Ke7 69. Rh7+ Ke8 70. Kf6 Rxd5 71. g6 Rd2 72. Rh8+
Kd7 73. g7 Rf2+ 74. Kg6 Rg2+ 75. Kf7 Rf2+ 76. Kg8 Ke7 77. Rh6 Rg2 78. Kh8 1-0

[Event "Indywidualne Mistrzostwa Polski Juniorow do lat 16 - Dziewczeta"]
[Site "Szklarska Poreba"]
[Date "1899-12-30"]
[Round "1.9"]
[White "Giefert, Sara"]
[Black "Adamczyk, Zuzanna"]
[Result "0-1"]
[WhiteTitle "I"]
[BlackTitle "I++"]
[WhiteElo "1497"]
[BlackElo "1850"]

1. d4 Nf6 2. Bg5 Ne4 3. Bh4 d5 4. e3 Bf5 5. Bd3 Qc8 6. f4 e6 7. Nf3 Bd6 8. O-O
Nd7 9. Ne5 h5 10. Nd2 f6 11. Nxd7 Qxd7 12. Nxe4 dxe4 13. Be2 Qf7 14. c4 c6 15.
Qb3 Bg4 16. Rfe1 O-O-O 17. Rac1 Rdf8 18. c5 Bb8 19. Bc4 Qe7 20. Qc2 g5 21. fxg5
fxg5 22. Bf2 Bf5 23. b4 h4 24. b5 Qc7 25. g3 Qh7 26. bxc6 hxg3 27. cxb7+ Kd8 28.
Bxg3 Bxg3 29. Re2 Bb8 30. c6 Bh3 31. Qa4 Qf5 32. c7+ Bxc7 33. Rb2 Qg4+ 34. Kh1
Qf3+ 35. Kg1 Qxe3+ 36. Kh1 Qxc1+ 0-1

[Event "Indywidualne Mistrzostwa Polski Juniorow do lat 16 - Dziewczeta"]
[Site "Szklarska Poreba"]
[Date "1899-12-30"]
[Round "1.10"]
[White "Furtak, Joanna"]
[Black "Szczypawka, Aleksandra"]
[Result "1-0"]
[WhiteTitle "k"]
[BlackTitle "I"]
[WhiteElo "1803"]
[BlackElo "1476"]

1. e4 e6 2. d4 d5 3. Nc3 Nf6 4. Bg5 Be7 5. e5 Nfd7 6. h4 Bxg5 7. hxg5 Qxg5 8. Qd3
h6 9. Nf3 Qe7 10. O-O-O a6 11. Re1 c5 12. Kb1 c4 13. Qd2 b5 14. g4 Rg8 15. g5
hxg5 16. Nxg5 Nc6 17. Nxd5 Qd8 18. Qf4 Nf6 19. exf6 Qxd5 20. Rh8 Rxh8 21. fxg7
Qxd4 22. Qxd4 Rg8 23. Qf6 Ra7 24. Bg2 Na5 25. Rd1 Re7 26. Nxf7 Bd7 27. Nd6+ 1-0

[Event "Indywidualne Mistrzostwa Polski Juniorow do lat 16 - Dziewczeta"]
[Site "Szklarska Poreba"]
[Date "1899-12-30"]
[Round "1.11"]
[White "Bienko, Jagoda"]
[Black "Zarebska, Lena"]
[Result "1-0"]
[WhiteTitle "I"]
[BlackTitle "I++"]
[WhiteElo "1451"]
[BlackElo "1783"]

1. d4 Nf6 2. c4 c5 3. d5 b5 4. cxb5 a6 5. bxa6 Bxa6 6. Nc3 d6 7. Nf3 g6 8. e4 Bxf1
9. Kxf1 Bg7 10. g3 O-O 11. Kg2 Nbd7 12. Re1 Qb6 13. Qe2 Rfb8 14. Nd2 Ne8 15. a4
Qb4 16. Ra3 Qb7 17. Nc4 Ne5 18. Nb5 Nxc4 19. Qxc4 Nc7 20. Nxc7 Qxc7 21. b3 Rb4
22. Qd3 c4 23. bxc4 Rxc4 24. Be3 Rc8 25. a5 Qb7 26. Rb1 Qa8 27. a6 R4c7 28. a7
Rb7 29. Rxb7 Qxb7 30. Rb3 Qa8 31. Qa6 Rf8 32. Qb7 Bf6 33. Qxa8 Rxa8 34. Rb8+ 1-0

[Event "Indywidualne Mistrzostwa Polski Juniorow do lat 16 - Dziewczeta"]
[Site "Szklarska Poreba"]
[Date "1899-12-30"]
[Round "1.12"]
[White "Mirowska, Oliwia"]
[Black "Chomicka, Kinga"]
[Result "1/2-1/2"]
[WhiteTitle "I++"]
[BlackTitle "I"]
[WhiteElo "1762"]
[BlackElo "1434"]

1. c4 e5 2. Nc3 d6 3. g3 g6 4. Bg2 Nc6 5. e3 Bg7 6. Nge2 Nge7 7. O-O O-O 8. a3
a5 9. b3 Be6 10. d4 exd4 11. exd4 d5 12. c5 Nf5 13. Nb5 Na7 14. Nxa7 Rxa7 15.
Bb2 c6 16. Qc2 Re8 17. Rad1 Qc7 18. Bc1 Qc8 19. Qb2 Nh6 20. Nf4 Bf5 21. f3 Bd7
22. Rfe1 Nf5 23. Re2 Rxe2 24. Nxe2 Qe8 25. Kf2 Ra8 26. Qc3 Qe7 27. Bf1 Qd8 28.
Bd2 b5 29. Qb2 a4 30. b4 Qf6 31. Bc1 Re8 32. Bf4 Qe6 33. Qc1 Bc8 34. h4 h5 35.
Rd3 Qd7 36. Qd1 Re7 37. Qd2 Re8 38. Qd1 Kh7 39. Qc1 Kg8 40. Qd2 Kh7 41. Qd1 Kg8
42. Qd2 Kh7 43. Qd1 Kg8 44. Qd2 Kh7 1/2-1/2

[Event "Indywidualne Mistrzostwa Polski Juniorow do lat 16 - Dziewczeta"]
[Site "Szklarska Poreba"]
[Date "1899-12-30"]
[Round "1.13"]
[White "Zalucka, Emilia"]
[Black "Roszkiewicz, Anna"]
[Result "0-1"]
[WhiteTitle "I"]
[BlackTitle "I++"]
[WhiteElo "1432"]
[BlackElo "1745"]

1. e4 c5 2. Nf3 Nc6 3. d4 cxd4 4. Nxd4 g6 5. Be2 Bg7 6. Nb3 d6 7. O-O Bd7 8. Kh1
Nf6 9. Nc3 O-O 10. Be3 Qc8 11. f4 a5 12. Nd4 Nxd4 13. Bxd4 Bc6 14. Nd5 Bxd5 15.
exd5 Nd7 16. Bxg7 Kxg7 17. Qd4+ Kg8 18. Bd3 Qc5 19. Qxc5 Nxc5 20. Bb5 Rfc8 21.
f5 Na6 22. Bd3 Nb4 23. Rae1 Nxd3 24. cxd3 gxf5 25. Rxe7 b5 26. Kg1 Rc2 27. Rxf5
Rxb2 28. Rfxf7 Rb1+ 29. Kf2 Rf8 30. Rxf8+ Kxf8 31. Rd7 Rb2+ 32. Kf3 Rxa2 33. Rxd6
b4 34. Rb6 Rd2 35. Ke3 Rxg2 36. Rb5 Rxh2 37. Rxa5 b3 38. Rb5 b2 39. d6 Ke8 40.
Rb7 h5 41. Kf4 h4 42. Ke5 Re2+ 43. Kd5 h3 44. d7+ Ke7 45. Kc6 Rc2+ 46. Kd5 h2
0-1

[Event "Indywidualne Mistrzostwa Polski Juniorow do lat 16 - Dziewczeta"]
[Site "Szklarska Poreba"]
[Date "1899-12-30"]
[Round "1.14"]
[White "Czarnecka, Lidia"]
[Black "Szewczyk, Malwina"]
[Result "1-0"]
[WhiteTitle "I++"]
[BlackTitle "I"]
[WhiteElo "1700"]
[BlackElo "1413"]

1. e4 c5 2. Nf3 Nc6 3. d4 cxd4 4. Nxd4 g6 5. Nc3 Bg7 6. Be3 Nf6 7. Bc4 Qa5 8. O-O
Ng4 9. Qxg4 Nxd4 10. Qd1 Nc6 11. Qd2 O-O 12. f3 e6 13. Rad1 f5 14. Bb3 b6 15.
Kh1 Ba6 16. Rfe1 Rad8 17. Bg5 Bf6 18. Bxf6 Rxf6 19. Qd6 Qe5 20. Qxe5 Nxe5 21.
exf5 Nf7 22. fxe6 dxe6 23. Ne4 Rf4 24. Bxe6 Rxd1 25. Rxd1 Kg7 26. Rd7 Bb5 27.
Rxf7+ Rxf7 28. Bxf7 Kxf7 29. Nd6+ Ke6 30. Nxb5 a5 31. Kg1 h5 32. Kf2 Ke5 33. Ke3
g5 34. g3 1-0

[Event "Indywidualne Mistrzostwa Polski Juniorow do lat 16 - Dziewczeta"]
[Site "Szklarska Poreba"]
[Date "1899-12-30"]
[Round "1.15"]
[White "Kaznowska, Weronika"]
[Black "Tarka, Aleksandra"]
[Result "1/2-1/2"]
[WhiteTitle "I"]
[BlackTitle "I++"]
[WhiteElo "1396"]
[BlackElo "1656"]

1. e4 c5 2. a3 Nc6 3. b4 cxb4 4. axb4 Nxb4 5. d4 d5 6. c3 Nc6 7. exd5 Qxd5 8. Na3
e5 9. Nb5 Bd6 10. Ba3 Bb8 11. c4 Qe4+ 12. Qe2 Qxe2+ 13. Nxe2 exd4 14. g3 Nge7
15. Bg2 d3 16. Nec3 a6 17. Bc5 Be5 18. Kd2 Be6 19. Rhe1 Kd7 20. Na3 Rab8 21. Rab1
Bf6 22. Ne4 Be5 23. f4 Bc7 24. Bb6 Bxb6 25. Rxb6 Kc7 26. Reb1 Nc8 27. R6b2 b6
28. Ng5 Re8 29. Re1 Kd7 30. f5 f6 31. Bxc6+ Kxc6 32. Nxe6 Nd6 33. Nd4+ Kc5 34.
Rxe8 Nxe8 35. Ne6+ Kc6 36. Kxd3 g6 37. fxg6 hxg6 38. h4 f5 39. Nc2 Nf6 40. Nb4+
Kb7 41. Kd4 Ne4 42. Nd5 Kc6 43. Ra2 a5 44. Ra3 Re8 45. Nef4 g5 46. hxg5 Nxg5 47.
Re3 Rxe3 48. Nxe3 Nf3+ 49. Kc3 b5 50. cxb5+ Kxb5 51. Nxf5 Kc5 52. Ne3 a4 53. Nf5
Ng5 54. Kb2 Kb4 55. Nd5+ Kc4 56. Nde3+ Kb4 57. Nc2+ Kc4 58. Ka3 Kd3 59. Ncd4 Ke4
60. Kxa4 Nf3 1/2-1/2

[Event "Indywidualne Mistrzostwa Polski Juniorow do lat 16 - Dziewczeta"]
[Site "Szklarska Poreba"]
[Date "1899-12-30"]
[Round "1.16"]
[White "Wolagiewicz, Kinga"]
[Black "Wysocka, Edyta"]
[Result "1/2-1/2"]
[WhiteTitle "I"]
[BlackTitle "I"]
[WhiteElo "1643"]
[BlackElo "1393"]

1. d4 d5 2. e3 e6 3. Bd3 Nf6 4. Nf3 Be7 5. O-O O-O 6. Qe2 b6 7. Nbd2 Bb7 8. c3
Nbd7 9. e4 dxe4 10. Nxe4 c5 11. dxc5 Nxe4 12. Bxe4 Bxe4 13. Qxe4 Nf6 14. Qc2 Bxc5
15. Bg5 Be7 16. Bxf6 Bxf6 17. Rad1 Qc7 18. Rd3 Rfd8 19. Rxd8+ Rxd8 20. Rd1 h6
21. Rxd8+ Qxd8 22. Qd2 Qxd2 23. Nxd2 Kf8 24. Kf1 Ke7 25. Ke2 g5 26. h3 Be5 27.
Nf3 Kd6 28. Kd3 Bg7 29. Nd2 f5 30. f3 b5 31. b4 a6 32. Nb3 Kd5 33. Nc5 a5 34.
Na6 axb4 35. cxb4 e5 36. Nc7+ Kc6 37. Ne6 Bf6 38. g4 fxg4 39. hxg4 Kd5 40. Nc7+
Kc6 41. Ne6 Kd5 42. Nc7+ 1/2-1/2

[Event "Indywidualne Mistrzostwa Polski Juniorow do lat 16 - Dziewczeta"]
[Site "Szklarska Poreba"]
[Date "1899-12-30"]
[Round "1.17"]
[White "Bednarska, Julita"]
[Black "Zniszczol, Wiktoria"]
[Result "0-1"]
[WhiteTitle "I"]
[BlackTitle "I+"]
[WhiteElo "1356"]
[BlackElo "1642"]

1. d4 Nf6 2. Nf3 b6 3. e3 c5 4. c3 e6 5. Bd3 Bb7 6. Nbd2 d5 7. Qe2 Be7 8. e4 Nc6
9. exd5 exd5 10. O-O O-O 11. Re1 Bd6 12. Nf1 Re8 13. Qd1 Qc7 14. Ne3 Ne7 15. Nf5
Nxf5 16. Bxf5 Rxe1+ 17. Qxe1 Re8 18. Be3 Ne4 19. h3 g6 20. Bxe4 dxe4 21. Nd2 Ba6
22. dxc5 bxc5 23. Rd1 f5 24. Nb3 Bd3 25. Nc1 c4 26. Bd4 Bh2+ 27. Kh1 Be5 28. Bxe5
Rxe5 29. Qe3 Re7 30. Ne2 Qb6 31. Qxb6 axb6 32. Nd4 Kf7 33. Kh2 Kf6 34. Re1 g5
35. a3 f4 36. f3 exf3 37. Nxf3 Rxe1 38. Nxe1 Kf5 39. Kg1 h5 40. Kf2 g4 41. hxg4+
hxg4 42. b4 b5 43. g3 Be4 44. gxf4 Kxf4 45. Ng2+ Bxg2 46. Kxg2 Ke4 47. Kg3 Kd3
48. a4 bxa4 49. b5 a3 50. b6 a2 51. b7 a1=Q 52. b8=Q Qxc3 53. Kxg4 Qg7+ 54. Kf5
Qh7+ 55. Kg4 Qe4+ 56. Kg5 c3 57. Qb5+ Kd2 58. Qd7+ Qd3 59. Qg4 c2 60. Qg2+ Kc1
61. Qh1+ Kb2 62. Qb7+ Qb3 63. Qg7+ Kb1 64. Qh7 Qg3+ 65. Kf6 Kb2 66. Qb7+ Qb3 67.
Qg2 Kb1 68. Qh1+ c1=Q 0-1

[Event "Indywidualne Mistrzostwa Polski Juniorow do lat 16 - Dziewczeta"]
[Site "Szklarska Poreba"]
[Date "1899-12-30"]
[Round "1.18"]
[White "Libura, Julianna"]
[Black "Matyjasek, Michalina"]
[Result "1-0"]
[WhiteTitle "I"]
[BlackTitle "I"]
[WhiteElo "1639"]
[BlackElo "1342"]

1. e4 c5 2. Nf3 Nc6 3. d4 cxd4 4. Nxd4 g6 5. Nc3 Bg7 6. Be3 Nf6 7. Bc4 O-O 8. Bb3
Re8 9. f3 e6 10. Qd2 d5 11. exd5 Nxd5 12. Nxd5 Nxd4 13. Nc3 Nxb3 14. axb3 Qc7
15. O-O-O Qa5 16. Kb1 b5 17. h4 Bb7 18. h5 Red8 19. Qf2 b4 20. Rxd8+ Rxd8 21.
Na4 Bc6 22. Nc5 Rd5 23. hxg6 hxg6 24. Nd3 Bb5 25. Nc5 Qc7 26. f4 Qd6 27. Ne4 Rd1+
28. Rxd1 Qxd1+ 29. Bc1 Bc6 30. Nd2 a6 31. g3 Qh5 32. Qb6 Bb5 33. Qd8+ Kh7 34.
Ne4 Qf5 35. Ng5+ Kh6 36. Nxf7+ Kh7 37. Ng5+ Kh6 38. Qd1 1-0

[Event "Indywidualne Mistrzostwa Polski Juniorow do lat 16 - Dziewczeta"]
[Site "Szklarska Poreba"]
[Date "1899-12-30"]
[Round "1.19"]
[White "Zygmunt, Patrycja"]
[Black "Budkiewicz, Magdalena"]
[Result "0-1"]
[WhiteTitle "I"]
[BlackTitle "I++"]
[WhiteElo "1338"]
[BlackElo "1619"]

1. e4 c5 2. c3 d5 3. exd5 Qxd5 4. d4 Nc6 5. Nf3 Bf5 6. Na3 e6 7. Bc4 Qe4+ 8. Be3
cxd4 9. cxd4 Bb4+ 10. Kf1 Bxa3 11. bxa3 Nge7 12. Ng5 Qc2 13. Qxc2 Bxc2 14. Rc1
Bf5 15. Ke2 O-O 16. f3 Rfd8 17. Rhd1 Nd5 18. Ne4 Rac8 19. g4 Bg6 20. h4 h5 21.
g5 Nce7 22. Bxd5 Nxd5 23. Rxc8 Rxc8 24. Rc1 Rd8 25. Bf2 Kf8 26. Nc5 b6 27. Ne4
Ke7 28. Rc6 Kd7 29. Rd6+ Kc8 30. Rxd8+ Kxd8 31. Kd2 Ne7 32. Nd6 Kd7 33. Nb5 a6
34. Nc3 Kc6 35. f4 Nd5 36. Nxd5 Kxd5 37. a4 Ke4 38. Be3 Kf3 39. Bg1 Kxf4 40. d5
exd5 41. Bxb6 Kg3 42. Bd4 Kxh4 0-1

[Event "Indywidualne Mistrzostwa Polski Juniorow do lat 16 - Dziewczeta"]
[Site "Szklarska Poreba"]
[Date "1899-12-30"]
[Round "1.20"]
[White "Hryn, Aleksandra"]
[Black "Drob, Julia"]
[Result "1-0"]
[WhiteTitle "I+"]
[BlackTitle "I"]
[WhiteElo "1615"]
[BlackElo "1336"]

1. e4 c5 2. Nf3 d6 3. d4 cxd4 4. Nxd4 Nf6 5. Nc3 g6 6. Be3 Bg7 7. f3 Nc6 8. Qd2
Bd7 9. g4 a6 10. h4 Nxg4 11. fxg4 Bxg4 12. Be2 Bxe2 13. Ncxe2 h5 14. O-O-O Ne5
15. Kb1 Nc4 16. Qc3 Rc8 17. Qb3 Na5 18. Qa4+ Kf8 19. Rhf1 Bf6 20. Bg5 Kg7 21.
Bxf6+ exf6 22. Nf4 Re8 23. Qa3 Rxe4 24. Qg3 Kh6 25. Nd5 Nc4 26. Nxf6 Re5 27. Qf4+
Kg7 28. Nxh5+ Rxh5 29. Qxf7+ Kh6 30. Ne6 Qg8 31. Qf4+ Kh7 32. Ng5+ Kg7 33. Qd4+
Kh6 34. Rf7 Rc5 35. Qf4 Rf5 36. Rxf5 gxf5 37. Ne6+ Kh7 38. Qxc4 Qe8 39. Ng5+ Kh8
40. Qd4+ Kg8 41. Rg1 Kf8 42. Qf6+ Kg8 43. Ne6+ 1-0

[Event "Indywidualne Mistrzostwa Polski Juniorow do lat 16 - Dziewczeta"]
[Site "Szklarska Poreba"]
[Date "1899-12-30"]
[Round "1.21"]
[White "Laszczuk, Zuzanna"]
[Black "Dadello, Barbara"]
[Result "0-1"]
[WhiteTitle "I"]
[BlackTitle "I"]
[WhiteElo "1277"]
[BlackElo "1615"]

1. e4 c5 2. d3 d6 3. g3 Nf6 4. Bg2 e6 5. Ne2 Be7 6. O-O Nc6 7. f4 Qc7 8. Nbc3 a6
9. a4 Rb8 10. d4 cxd4 11. Nxd4 Nxd4 12. Qxd4 d5 13. Be3 dxe4 14. Qb6 Qxb6 15.
Bxb6 O-O 16. Nxe4 Nd5 17. Bd4 Rd8 18. Rad1 b5 19. axb5 axb5 20. b3 Bb7 21. Be5
Rbc8 22. Rf2 Ne3 23. Rxd8+ Rxd8 24. Re2 Nxg2 25. Kxg2 f5 26. Kf2 Bxe4 27. c4 bxc4
28. bxc4 Bd3 29. Rd2 Bxc4 30. Rxd8+ Bxd8 31. h3 Bb6+ 32. Kg2 Bd5+ 33. Kh2 h6 34.
h4 Be3 35. Bd6 g5 36. hxg5 hxg5 37. Be5 g4 38. Bc3 Kf7 39. Be5 Ke7 40. Bb2 Kd7
41. Bc3 Kc6 42. Ba1 Kb5 43. Be5 Kc4 44. Bf6 Bd4 45. Bd8 e5 46. Bc7 e4 47. Kg2
e3+ 48. Kf1 Bf3 49. Be5 e2+ 50. Ke1 Bc3+ 0-1

[Event "Indywidualne Mistrzostwa Polski Juniorow do lat 16 - Dziewczeta"]
[Site "Szklarska Poreba"]
[Date "1899-12-30"]
[Round "1.22"]
[White "Trzaskowska, Hanna"]
[Black "Zablocka, Marta"]
[Result "1/2-1/2"]
[WhiteTitle "I"]
[BlackTitle "I"]
[WhiteElo "1607"]
[BlackElo "1211"]

1. e4 e5 2. Nf3 Nc6 3. Nc3 Nf6 4. d4 exd4 5. Nxd4 Bb4 6. Nxc6 bxc6 7. Bd3 O-O 8.
O-O d5 9. exd5 cxd5 10. Bg5 c6 11. Qf3 h6 12. Bxf6 Qxf6 13. Qxf6 gxf6 14. Ne2
Re8 15. Ng3 Ba5 16. Nh5 Bd8 17. f4 c5 18. Rae1 Re6 19. Ng3 Kf8 20. Bf5 Rxe1 21.
Rxe1 Bb7 22. Rd1 Rb8 23. b3 Bc6 24. Bd3 Bd7 25. c4 d4 26. Bf5 Bc6 27. Be4 Bd7
28. Bf5 Bc6 29. Kf2 Bc7 30. Nh5 Bd8 31. Rd3 Ke7 32. Rd2 Kf8 33. Re2 Rb7 34. Re1
Rc7 35. Be4 Bd7 36. Ng3 Bc8 37. Bf5 Bb7 38. Be4 Bc8 39. Rd1 a5 40. Rb1 Bd7 41.
Ke2 Bc8 42. Kd3 Re7 43. a3 1/2-1/2

[Event "Indywidualne Mistrzostwa Polski Juniorow do lat 16 - Dziewczeta"]
[Site "Szklarska Poreba"]
[Date "1899-12-30"]
[Round "1.23"]
[White "Zygmunt, Magdalena"]
[Black "Pawlak, Emilia"]
[Result "0-1"]
[WhiteTitle "I"]
[BlackTitle "I"]
[WhiteElo "1206"]
[BlackElo "1595"]

1. e4 c5 2. Nc3 a6 3. g3 b5 4. a3 Bb7 5. Bg2 g6 6. f4 e6 7. d3 d5 8. e5 h5 9. h3
Ne7 10. Nce2 Nbc6 11. Be3 d4 12. Bf2 Nf5 13. g4 Ne3 14. Bxe3 dxe3 15. c3 Qh4+
0-1

[Event "Indywidualne Mistrzostwa Polski Juniorow do lat 16 - Dziewczeta"]
[Site "Szklarska Poreba"]
[Date "1899-12-30"]
[Round "1.24"]
[White "Sawa, Daria"]
[Black "Kot, Ewelina"]
[Result "1-0"]
[WhiteTitle "I"]
[BlackTitle "II+"]
[WhiteElo "1589"]
[BlackElo "1201"]

1. e4 e6 2. d4 d5 3. exd5 exd5 4. Bd3 Nf6 5. Bf4 Bd6 6. Bxd6 Qxd6 7. Qe2+ Be6 8.
Nf3 O-O 9. O-O Nbd7 10. c3 Rfe8 11. Qc2 h6 12. Nbd2 c6 13. Rae1 Rac8 14. Nb3 Bg4
15. Nh4 Qf4 16. Nf5 Bxf5 17. Bxf5 Rcd8 18. Nd2 Nb6 19. h3 Nc8 20. Rxe8+ Rxe8 21.
Bxc8 Rxc8 22. Re1 Re8 23. Rxe8+ Nxe8 24. Nb3 b6 25. Qe2 Kf8 26. a4 Qf5 27. Qd1
Nd6 28. Nd2 Qd3 29. Qb1 Nc4 30. Nxc4 Qxc4 31. Qc2 g6 32. b3 Qa6 33. Qd2 Kg7 34.
Qe3 Qb7 35. Qe5+ Kg8 36. Qd6 Qc8 37. Kh2 Qf5 38. Qxc6 Qxf2 39. Qc7 Qa2 40. Qd8+
Kg7 41. Qxd5 Qd2 42. Qe5+ Kh7 43. d5 Qa2 44. d6 Qd2 45. Qd4 Qg5 46. c4 Qd8 47.
Qe5 Kg8 48. Qe7 Qb8 49. Kh1 Qc8 50. d7 1-0